[Event "BL 1819 (Women)"]
[Site "Germany"]
[Date "2019.03.03"]
[Round "11.4"]
[White "Goehler, Antje"]
[Black "Belenkaya, Dina"]
[Result "0-1"]
[WhiteElo "2095"]
[BlackElo "2329"]
[PlyCount "124"]
[EventDate "2018.10.27"]
[EventType "team-tourn"]
[EventRounds "11"]
[EventCountry "GER"]
[SourceTitle "CBM 189 Extra"]
[Source "ChessBase"]
[SourceDate "2019.06.03"]
[SourceVersion "1"]
[SourceVersionDate "2019.06.03"]
[SourceQuality "1"]
[WhiteTeam "Pankow Rotation (W)"]
[BlackTeam "Bad Koenigshofen (W)"]
[WhiteTeamCountry "GER"]
[BlackTeamCountry "GER"]

1. d4 d5 2. Nf3 Nf6 3. c4 dxc4 4. e3 e6 5. Bxc4 a6 6. 0-0 c5 7. dxc5 Bxc5 8. Qxd8+ Kxd8 9. Rd1+ Ke7 10. b3 Bd7 11. Bb2 Rc8 12. Nbd2 Bb5 13. Rac1 Nbd7 14. a4 Bxc4 15. Nxc4 Bb4 16. Nfe5 Nxe5 17. Nxe5 g5 18. Kf1 h5 19. Rc4 Rxc4 20. Nxc4 Rc8 21. Bxf6+ Kxf6 22. Nd6 Rc6 23. Ne4+ Kg6 24. Rd4 Rb6 25. f4 gxf4 26. exf4 f5 27. Nf2 Bc3 28. Rd3 Rxb3 29. Nd1 Rb1 30. Rxc3 Rxd1+ 31. Ke2 Rb1 32. Rc7 a5 33. Re7 Kf6 34. Rh7 Rb4 35. Rh6+ Kf7 36. Rxh5 Kg6 37. Rg5+ Kf6 38. g3 Rxa4 39. h4 Ra2+ 40. Kd3 b5 41. Kc3 b4+ 42. Kb3 Ra3+ 43. Kb2 Rd3 44. h5 a4 45. h6 Rd2+ 46. Kc1 Rh2 47. Rg8 Rxh6 48. Rf8+ Ke7 49. Rb8 Rh1+ 50. Kb2 Rh2+ 51. Kb1 b3 52. Rb4 Ra2 53. Rb6 Kd7 54. Kc1 Kc7 55. Ra6 a3 56. Kb1 Kb7 57. Ra4 Kc6 58. Ra8 Kc5 59. Ra4 Kb5 60. Ra8 Kc4 61. Ra6 Rb2+ 62. Ka1 Rg2 0-1

[Event "BL 1819 (Women)"]
[Site "Germany"]
[Date "2018.11.17"]
[Round "3.3"]
[White "Goehler, Antje"]
[Black "Kiefhaber, Veronika"]
[Result "1/2-1/2"]
[WhiteElo "2095"]
[BlackElo "2171"]
[PlyCount "35"]
[EventDate "2018.10.27"]
[EventType "team-tourn"]
[EventRounds "11"]
[EventCountry "GER"]
[SourceTitle "CBM 188 Extra"]
[Source "ChessBase"]
[SourceDate "2019.02.26"]
[SourceVersion "1"]
[SourceVersionDate "2019.02.26"]
[SourceQuality "1"]
[WhiteTeam "Pankow Rotation (W)"]
[BlackTeam "Karlsruhe (W)"]
[WhiteTeamCountry "GER"]
[BlackTeamCountry "GER"]

1. d4 Nf6 2. Nf3 g6 3. c4 Bg7 4. e3 0-0 5. Nc3 c5 6. Be2 cxd4 7. exd4 d5 8. 0-0 Nc6 9. h3 Bf5 10. Be3 dxc4 11. Bxc4 Rc8 12. Be2 Nb4 13. Rc1 Nbd5 14. Nxd5 Nxd5 15. Rxc8 Qxc8 16. Bg5 Qc7 17. Qa4 a6 18. Rc1 1/2-1/2

[Event "BL2 Ost 1718 (Women)"]
[Site "Germany"]
[Date "2017.12.17"]
[Round "3.4"]
[White "Giebel, Christine"]
[Black "Goehler, Antje"]
[Result "0-1"]
[WhiteElo "1852"]
[BlackElo "2102"]
[PlyCount "90"]
[EventDate "2017.10.14"]
[EventType "team-tourn"]
[EventRounds "7"]
[EventCountry "GER"]
[SourceTitle "EXT 2019"]
[Source "ChessBase"]
[SourceDate "2018.10.10"]
[SourceVersion "1"]
[SourceVersionDate "2018.10.10"]
[SourceQuality "1"]
[WhiteTeam "Loeberitz (W)"]
[BlackTeam "Pankow Rotation (W)"]
[WhiteTeamCountry "GER"]
[BlackTeamCountry "GER"]

1. e4 c5 2. c3 d6 3. d4 Qc7 4. Nf3 Nd7 5. Bd3 Ngf6 6. 0-0 g6 7. a4 Bg7 8. Na3 a6 9. Re1 0-0 10. h3 e5 11. d5 Rb8 12. Bd2 Nh5 13. b4 Nf4 14. Bf1 Nf6 15. b5 N6h5 16. Kh2 Nf6 17. c4 a5 18. b6 Qxb6 19. Rb1 Qd8 20. Nb5 Ra8 21. Qc1 Re8 22. g3 N4h5 23. Bg5 Qd7 24. Bg2 Ra6 25. Qd2 Kh8 26. Rb3 Ng8 27. Ng1 f5 28. exf5 gxf5 29. Qe2 Nhf6 30. Bd2 Qf7 31. Re3 Bh6 32. Rb3 Bxd2 33. Qxd2 Rf8 34. Nf3 Ne4 35. Qe3 Ngf6 36. Nh4 f4 37. gxf4 exf4 38. Qf3 Nd2 39. Qc3 Nxb3 40. Qxb3 Qh5 41. Nf3 Rg8 42. Nd2 Ng4+ 43. Kg1 Ne5 44. Kh2 Rxg2+ 45. Kxg2 f3+ 0-1

[Event "Oberliga Nord O 1718"]
[Site "Germany"]
[Date "2017.12.10"]
[Round "4.8"]
[White "Goehler, Antje"]
[Black "Kather, Yannick"]
[Result "0-1"]
[WhiteElo "2102"]
[BlackElo "2069"]
[PlyCount "174"]
[EventDate "2017.10.08"]
[EventType "team-tourn"]
[EventRounds "9"]
[EventCountry "GER"]
[SourceTitle "EXT 2019"]
[Source "ChessBase"]
[SourceDate "2018.10.10"]
[SourceVersion "1"]
[SourceVersionDate "2018.10.10"]
[SourceQuality "1"]
[WhiteTeam "Berlin Rotation"]
[BlackTeam "Berlin Weisse Dame"]
[WhiteTeamCountry "GER"]
[BlackTeamCountry "GER"]

1. d4 Nf6 2. Nf3 g6 3. c4 Bg7 4. Nc3 d5 5. e3 0-0 6. b3 c5 7. Bb2 cxd4 8. exd4 Nc6 9. c5 Bg4 10. Be2 Ne4 11. Nxe4 dxe4 12. Ne5 Bxe2 13. Nxc6 Bxd1 14. Nxd8 Bxb3 15. axb3 Rfxd8 16. Ra4 a6 17. Ke2 Rd5 18. Rb4 Rd7 19. Rc1 Rc8 20. Rb6 f5 21. Rc4 Kf7 22. Rcb4 Rcc7 23. Rc4 Rc6 24. Rcb4 Rxb6 25. Rxb6 Ke8 26. c6 bxc6 27. Rxc6 Rb7 28. Rxa6 Rxb3 29. Ba1 Rb4 30. Ke3 Bh6+ 31. Ke2 Rc4 32. Ra2 Kf7 33. g3 Bg7 34. Ke3 Rb4 35. Ra3 Bf6 36. h4 Rb5 37. f3 exf3 38. Kxf3 Rb1 39. Ke2 Rg1 40. Kf3 Rh1 41. Bc3 Rc1 42. Bb2 Re1 43. Bc3 Re4 44. Ra4 Ke6 45. d5+ Kxd5 46. Ra5+ Ke6 47. Ra6+ Kf7 48. Bxf6 exf6 49. Ra7+ Re7 50. Ra5 Kg7 51. Rb5 Re6 52. Ra5 Kh6 53. Rb5 Ra6 54. Rc5 Ra3+ 55. Kg2 Kh5 56. Rb5 Re3 57. Kf2 Re5 58. Rb6 Kg4 59. Rxf6 Ra5 60. Rf7 Ra2+ 61. Kf1 Kxg3 62. Rxh7 Rh2 63. Rg7 Rxh4 64. Rxg6+ Kf3 65. Ke1 Rh1+ 66. Kd2 f4 67. Rf6 Ra1 68. Rf8 Rf1 69. Rg8 Kf2 70. Rh8 Ra1 71. Rh2+ Kg3 72. Rh8 f3 73. Rg8+ Kf2 74. Rg7 Ra8 75. Rd7 Re8 76. Kd1 Kf1 77. Kd2 f2 78. Rd6 Re5 79. Rd8 Kg2 80. Rg8+ Kf3 81. Rf8+ Kg3 82. Rg8+ Kf4 83. Rf8+ Kg3 84. Rg8+ Kf3 85. Rf8+ Kg2 86. Rg8+ Kf1 87. Rg7 Rd5+ 0-1

[Event "BL2 Ost 1617 (Women)"]
[Site "Germany"]
[Date "2017.01.21"]
[Round "3.3"]
[White "Goehler, Antje"]
[Black "Richter, Ulrike"]
[Result "1/2-1/2"]
[WhiteElo "2097"]
[BlackElo "1852"]
[PlyCount "87"]
[EventDate "2016.10.22"]
[EventType "team-tourn"]
[EventRounds "7"]
[EventCountry "GER"]
[SourceTitle "EXT 2018"]
[Source "ChessBase"]
[SourceDate "2017.10.13"]
[SourceVersion "1"]
[SourceVersionDate "2017.10.13"]
[SourceQuality "1"]
[WhiteTeam "Rotation Pankow (W)"]
[BlackTeam "Coswig (W)"]
[WhiteTeamCountry "GER"]
[BlackTeamCountry "GER"]

1. d4 d5 2. Nf3 e6 3. Bf4 Nf6 4. e3 Bd6 5. Bxd6 cxd6 6. Nbd2 Bd7 7. c4 dxc4 8. Bxc4 Bc6 9. 0-0 0-0 10. a3 a5 11. b4 b5 12. Bd3 axb4 13. axb4 Rxa1 14. Qxa1 Qb6 15. Rc1 Nd5 16. Qb1 h6 17. Ne4 Bd7 18. Nc3 Nxc3 19. Rxc3 Rc8 20. Rxc8+ Bxc8 21. Qc2 Qc6 22. Ne1 Bd7 23. Qxc6 Bxc6 24. Nc2 Na6 25. f3 Nc7 26. e4 f6 27. Kf2 Kf7 28. Ke3 g5 29. g3 e5 30. Bf1 Bd7 31. f4 g4 32. f5 h5 33. h3 gxh3 34. Bxh3 Ke7 35. d5 Be8 36. Bf1 Kf8 37. Be2 Kg7 38. Kd3 Kf8 39. Ne1 Kg7 40. Nf3 Kh6 41. Kc3 Kg7 42. Ng1 Kh6 43. Nh3 Kg7 44. Nf2 1/2-1/2

[Event "BL2 Ost 1617 (Women)"]
[Site "Germany"]
[Date "2016.10.23"]
[Round "2.3"]
[White "Goehler, Antje"]
[Black "Giebel, Christine"]
[Result "1-0"]
[WhiteElo "2097"]
[BlackElo "1808"]
[PlyCount "69"]
[EventDate "2016.10.22"]
[EventType "team-tourn"]
[EventRounds "7"]
[EventCountry "GER"]
[SourceTitle "EXT 2018"]
[Source "ChessBase"]
[SourceDate "2017.10.13"]
[SourceVersion "1"]
[SourceVersionDate "2017.10.13"]
[SourceQuality "1"]
[WhiteTeam "Rotation Pankow (W)"]
[BlackTeam "Zoerbig Loeberitz (W)"]
[WhiteTeamCountry "GER"]
[BlackTeamCountry "GER"]

1. d4 Nf6 2. Nf3 g6 3. c4 c5 4. d5 d6 5. Nc3 Bg7 6. e4 Bg4 7. Be2 0-0 8. 0-0 Nbd7 9. Be3 a6 10. Qd2 Nb6 11. Ne1 Bxe2 12. Qxe2 Qd7 13. f3 Na4 14. Nxa4 Qxa4 15. b3 Qd7 16. Rc1 b5 17. Nd3 b4 18. e5 Ne8 19. f4 f5 20. Rce1 Qc7 21. Bc1 h6 22. Rf3 Kh7 23. h4 h5 24. Nf2 Bh6 25. Nh3 Ng7 26. Bb2 Rae8 27. Re3 Qd7 28. Ng5+ Bxg5 29. hxg5 e6 30. exd6 exd5 31. Bxg7 Rxe3 32. Qxe3 Qxg7 33. Qxc5 d4 34. Re7 Rf7 35. Rxf7 1-0

[Event "BL2 Ost 1516 (Women)"]
[Site "Germany"]
[Date "2015.09.26"]
[Round "1.1"]
[White "Cyfka, Karina"]
[Black "Goehler, Antje"]
[Result "1-0"]
[WhiteElo "2395"]
[BlackElo "2151"]
[PlyCount "97"]
[EventDate "2015.09.26"]
[EventType "team-tourn"]
[EventRounds "7"]
[EventCountry "GER"]
[SourceTitle "EXT 2017"]
[Source "ChessBase"]
[SourceDate "2016.10.25"]
[SourceVersion "1"]
[SourceVersionDate "2016.10.25"]
[SourceQuality "1"]
[WhiteTeam "Leipzig Allianz (W)"]
[BlackTeam "Berlin Rotation (W)"]
[WhiteTeamCountry "GER"]
[BlackTeamCountry "GER"]

1. e4 c5 2. Nf3 d6 3. d4 cxd4 4. Qxd4 Nc6 5. Bb5 Bd7 6. Bxc6 Bxc6 7. Nc3 Nf6 8. Bg5 e6 9. 0-0-0 Be7 10. Rhe1 0-0 11. Kb1 Qa5 12. Qd2 Qb6 13. Nd4 a6 14. f3 Rfd8 15. g4 Rac8 16. Nce2 Qc7 17. Ng3 b5 18. h4 Bb7 19. Rc1 Ne8 20. Bxe7 Qxe7 21. g5 Rc5 22. f4 d5 23. e5 g6 24. h5 Rc4 25. Rh1 b4 26. Nf1 Ng7 27. hxg6 fxg6 28. Ne3 Rc7 29. Ng4 Nh5 30. Nf6+ Nxf6 31. gxf6 Qf7 32. Nf3 d4 33. Ng5 Qe8 34. Rh3 Bd5 35. Rd3 Qa4 36. b3 Qc6 37. Rxd4 a5 38. f7+ Kg7 39. Rc4 Qd7 40. Rxc7 Qxc7 41. Qxd5 Rxd5 42. Nxe6+ Kxf7 43. Nxc7 Rc5 44. Na6 Rc6 45. Nb8 Rc8 46. Nd7 Ke6 47. Nf6 h5 48. Rg1 Kf7 49. Ne4 1-0

[Event "BL 1112 (Women)"]
[Site "Germany"]
[Date "2012.04.22"]
[Round "10.2"]
[White "Daulyte Cornette, Deimante"]
[Black "Goehler, Antje"]
[Result "1/2-1/2"]
[WhiteElo "2238"]
[BlackElo "2134"]
[PlyCount "83"]
[EventDate "2011.10.29"]
[EventType "team-tourn"]
[EventRounds "11"]
[EventCountry "GER"]
[SourceTitle "EXT 2013"]
[Source "ChessBase"]
[SourceDate "2012.11.22"]
[SourceVersion "1"]
[SourceVersionDate "2012.11.22"]
[SourceQuality "1"]
[WhiteTeam "Friedberg (W)"]
[BlackTeam "Pankow Rotation (W)"]
[WhiteTeamCountry "GER"]
[BlackTeamCountry "GER"]

1. e4 c5 2. Nf3 d6 3. d4 cxd4 4. Nxd4 Nf6 5. Nc3 a6 6. h3 e5 7. Nde2 Be7 8. g4 Nc6 9. g5 Nd7 10. Nd5 Nb6 11. Nec3 Nxd5 12. Nxd5 Be6 13. Nxe7 Qxe7 14. Be3 0-0 15. Qd2 Rfd8 16. Bb6 Rd7 17. Bg2 Rc8 18. c3 Nd8 19. 0-0 Rc6 20. Be3 b5 21. b3 Rdc7 22. Rac1 Qd7 23. Kh2 Qc8 24. Rc2 Nb7 25. Rfc1 Nc5 26. Bxc5 dxc5 27. Qe3 Rd7 28. Rd2 Rcd6 29. Rcc2 Rxd2 30. Rxd2 Rxd2 31. Qxd2 Qd7 32. Qxd7 Bxd7 33. Kg3 Kf8 34. f4 f6 35. h4 Ke7 36. h5 h6 37. g6 Kd6 38. f5 a5 39. Bf1 Bc6 40. Kf3 Kc7 41. Ke3 Kb6 42. a3 1/2-1/2

[Event "BL 1112 (Women)"]
[Site "Germany"]
[Date "2011.10.29"]
[Round "1.2"]
[White "Goehler, Antje"]
[Black "Hoolt, Sarah"]
[Result "0-1"]
[WhiteElo "2134"]
[BlackElo "2286"]
[PlyCount "64"]
[EventDate "2011.10.29"]
[EventType "team-tourn"]
[EventRounds "11"]
[EventCountry "GER"]
[SourceTitle "EXT 2013"]
[Source "ChessBase"]
[SourceDate "2012.11.22"]
[SourceVersion "1"]
[SourceVersionDate "2012.11.22"]
[SourceQuality "1"]
[WhiteTeam "Pankow Rotation (W)"]
[BlackTeam "Hamburger SK (W)"]
[WhiteTeamCountry "GER"]
[BlackTeamCountry "GER"]

1. d4 Nf6 2. Nf3 e6 3. c4 c5 4. d5 b5 5. dxe6 fxe6 6. cxb5 a6 7. b6 Qxb6 8. Nc3 Bb7 9. e3 Be7 10. Be2 0-0 11. 0-0 d5 12. b3 Nbd7 13. Na4 Qd6 14. Ba3 e5 15. Rc1 Rac8 16. Nd2 Kh8 17. e4 d4 18. Bd3 Ne8 19. Qe2 Qg6 20. Rc2 Nef6 21. Bxa6 c4 22. bxc4 Bxa6 23. Bxe7 Rf7 24. Bxf6 Nxf6 25. Rb2 Nh5 26. Rb6 Nf4 27. Qf3 Rf6 28. Rfb1 h5 29. Rxf6 gxf6 30. Rb6 Bxc4 31. h4 Be6 32. Nb3 Bg4 0-1

[Event "BL2 Ost 0910 (Women)"]
[Site "Germany"]
[Date "2010.03.14"]
[Round "7.4"]
[White "Goehler, Antje"]
[Black "Neumeyer, Hannelore"]
[Result "1/2-1/2"]
[WhiteElo "2144"]
[BlackElo "2055"]
[PlyCount "85"]
[EventDate "2009.11.07"]
[EventType "team-tourn"]
[EventRounds "7"]
[EventCountry "GER"]
[SourceTitle "CBM 133 Extra"]
[Source "ChessBase"]
[SourceDate "2010.01.05"]
[SourceVersion "1"]
[SourceVersionDate "2010.01.05"]
[SourceQuality "1"]
[WhiteTeam "Pankow Rotation (W)"]
[BlackTeam "Leipzig Lindenau (W)"]
[WhiteTeamCountry "GER"]
[BlackTeamCountry "GER"]

1. d4 d5 2. Nf3 Nf6 3. c4 e6 4. Nc3 Be7 5. Bf4 0-0 6. e3 c6 7. c5 Nbd7 8. h3 b6 9. b4 bxc5 10. bxc5 Qa5 11. Qd2 Ba6 12. Nxd5 Qxd2+ 13. Nxd2 Nxd5 14. Bxa6 Nxf4 15. exf4 Rab8 16. 0-0 Bf6 17. Nb3 Rb4 18. Rfd1 Rfb8 19. Be2 Rd8 20. Bf3 Nb8 21. Rd2 g5 22. fxg5 Bxg5 23. Rd3 Bf6 24. Rad1 Kf8 25. Be4 h6 26. f4 a5 27. Nxa5 Rbxd4 28. Rxd4 Rxd4 29. Rxd4 Bxd4+ 30. Kf1 Bxc5 31. Nxc6 Nxc6 32. Bxc6 Ba3 33. Ke2 Ke7 34. Kf3 Kd6 35. Be8 f6 36. Ke4 Ke7 37. Ba4 f5+ 38. Kf3 e5 39. fxe5 Ke6 40. g4 Kxe5 41. Bd7 fxg4+ 42. hxg4 Kd6 43. Bf5 1/2-1/2

[Event "BL2 Ost 0910 (Women)"]
[Site "Germany"]
[Date "2010.01.17"]
[Round "5.4"]
[White "Goehler, Antje"]
[Black "Bade, Heidrun"]
[Result "1-0"]
[WhiteElo "2144"]
[BlackElo "1932"]
[PlyCount "79"]
[EventDate "2009.11.07"]
[EventType "team-tourn"]
[EventRounds "7"]
[EventCountry "GER"]
[SourceTitle "CBM 133 Extra"]
[Source "ChessBase"]
[SourceDate "2010.01.05"]
[SourceVersion "1"]
[SourceVersionDate "2010.01.05"]
[SourceQuality "1"]
[WhiteTeam "Pankow Rotation (W)"]
[BlackTeam "Potsdam (W)"]
[WhiteTeamCountry "GER"]
[BlackTeamCountry "GER"]

1. d4 d5 2. Nf3 Nf6 3. c4 e6 4. Nc3 Be7 5. Bg5 Nbd7 6. e3 h6 7. Bh4 0-0 8. Rc1 Re8 9. Bd3 dxc4 10. Bxc4 Nb6 11. Bb3 Nbd5 12. 0-0 c6 13. Ne5 Nd7 14. Bxe7 Qxe7 15. Ne4 Nxe5 16. dxe5 Rd8 17. Qg4 Bd7 18. Rfd1 Kh8 19. Nd6 f5 20. exf6 Nxf6 21. Qg6 Be8 22. Nxe8 Qxe8 23. Qxe8+ Rxe8 24. Rd6 Nd5 25. Rd7 Rab8 26. Rd1 Kg8 27. Rd4 Kf8 28. Bxd5 cxd5 29. Rf4+ Kg8 30. Rff7 Rec8 31. Rxg7+ Kh8 32. Rh7+ Kg8 33. Rdg7+ Kf8 34. g4 Rc2 35. h4 Rxb2 36. h5 Rb4 37. Rf7+ Kg8 38. Rfg7+ Kf8 39. Rg6 Re8 40. Rhxh6 1-0

[Event "BL2 Ost 0910 (Women)"]
[Site "Germany"]
[Date "2009.12.06"]
[Round "4.5"]
[White "Goehler, Antje"]
[Black "Szewczuk, Mariola"]
[Result "1-0"]
[WhiteElo "2144"]
[BlackElo "1917"]
[PlyCount "51"]
[EventDate "2009.11.07"]
[EventType "team-tourn"]
[EventRounds "7"]
[EventCountry "GER"]
[SourceTitle "CBM 133 Extra"]
[Source "ChessBase"]
[SourceDate "2010.01.05"]
[SourceVersion "1"]
[SourceVersionDate "2010.01.05"]
[SourceQuality "1"]
[WhiteTeam "Pankow Rotation (W)"]
[BlackTeam "Guben (W)"]
[WhiteTeamCountry "GER"]
[BlackTeamCountry "GER"]

1. d4 g6 2. c4 Bg7 3. Nc3 e6 4. e4 b6 5. Nf3 d6 6. Bg5 Ne7 7. Qd2 h5 8. Be2 Bb7 9. 0-0 Nd7 10. Rfd1 f6 11. Be3 h4 12. h3 Ng8 13. c5 a6 14. cxd6 cxd6 15. e5 d5 16. exf6 Ngxf6 17. Bg5 Nf8 18. Nxh4 Qd7 19. Bd3 Ne4 20. Bxe4 dxe4 21. Qf4 Qc6 22. d5 exd5 23. Nxd5 Ne6 24. Qxe4 Qd7 25. Nc7+ Qxc7 26. Qxe6+ 1-0

[Event "BL 0809 (Women)"]
[Site "Germany"]
[Date "2009.04.26"]
[Round "11.6"]
[White "Goehler, Antje"]
[Black "Schmidt, Jade"]
[Result "0-1"]
[WhiteElo "2130"]
[BlackElo "1982"]
[PlyCount "70"]
[EventDate "2008.11.08"]
[EventType "team-tourn"]
[EventRounds "11"]
[EventCountry "GER"]
[SourceTitle "EXT 2010"]
[Source "ChessBase"]
[SourceDate "2010.11.25"]
[SourceVersion "1"]
[SourceVersionDate "2010.11.25"]
[SourceQuality "1"]
[WhiteTeam "Pankow Rotation (W)"]
[BlackTeam "Hamburger SK (W)"]
[WhiteTeamCountry "GER"]
[BlackTeamCountry "GER"]

1. d4 d5 2. Nf3 c6 3. c4 e6 4. Nc3 dxc4 5. e4 b5 6. a4 Bb4 7. Bg5 Qc7 8. Be2 Bb7 9. 0-0 Bxc3 10. bxc3 Nd7 11. Qc1 Ngf6 12. Bf4 Qc8 13. Nd2 0-0 14. Bd6 Rd8 15. e5 Nd5 16. Ne4 h6 17. Ba3 a6 18. Bh5 N7b6 19. Nd6 Rxd6 20. Bxd6 Nxa4 21. Rxa4 bxa4 22. f4 Qd7 23. Be2 c5 24. Bxc5 Bc6 25. Bxc4 Bb5 26. Bxd5 Qxd5 27. Rf2 Bd3 28. Rb2 Rc8 29. Rb4 Kh7 30. Qd2 Bc4 31. Qc2+ g6 32. Qf2 Rxc5 33. f5 Rc7 34. fxg6+ fxg6 35. Rb8 Qd7 0-1

[Event "BL 0809 (Women)"]
[Site "Germany"]
[Date "2009.01.24"]
[Round "6.5"]
[White "Matveeva, Svetlana"]
[Black "Goehler, Antje"]
[Result "1-0"]
[WhiteElo "2411"]
[BlackElo "2130"]
[PlyCount "81"]
[EventDate "2008.11.08"]
[EventType "team-tourn"]
[EventRounds "11"]
[EventCountry "GER"]
[SourceTitle "EXT 2010"]
[Source "ChessBase"]
[SourceDate "2010.11.25"]
[SourceVersion "1"]
[SourceVersionDate "2010.11.25"]
[SourceQuality "1"]
[WhiteTeam "Baden-Baden (W)"]
[BlackTeam "Pankow Rotation (W)"]
[WhiteTeamCountry "GER"]
[BlackTeamCountry "GER"]

1. d4 d5 2. c4 e6 3. Nc3 c5 4. cxd5 exd5 5. Nf3 Nc6 6. g3 Nf6 7. Bg2 Be7 8. 0-0 0-0 9. dxc5 d4 10. Na4 Bf5 11. Bf4 Be4 12. Rc1 Qd5 13. Qb3 d3 14. Qxd5 Nxd5 15. exd3 Nxf4 16. gxf4 Bxd3 17. Rfd1 Bf5 18. Ne5 Rac8 19. Re1 Bf6 20. Nc3 Nxe5 21. fxe5 Bg5 22. Nd5 Be6 23. f4 Rfd8 24. fxg5 Bxd5 25. Red1 Bxg2 26. Kxg2 Kf8 27. b4 Ke7 28. Kf3 Rxd1 29. Rxd1 a5 30. a3 axb4 31. axb4 Ra8 32. Rd6 Ra4 33. Rb6 Ra7 34. h4 Kd7 35. h5 Kc7 36. h6 gxh6 37. gxh6 Ra1 38. Kf4 Rf1+ 39. Kg5 Rg1+ 40. Kf6 Rg6+ 41. Kxf7 1-0

[Event "BL2 Ost 0708 (Women)"]
[Site "Germany"]
[Date "2007.12.01"]
[Round "3.4"]
[White "Goehler, Antje"]
[Black "Neumeyer, Hannelore"]
[Result "1/2-1/2"]
[WhiteElo "2135"]
[BlackElo "2052"]
[PlyCount "49"]
[EventDate "2007.11.10"]
[EventType "team-tourn"]
[EventRounds "7"]
[EventCountry "GER"]
[SourceTitle "CBM 121 Extra"]
[Source "ChessBase"]
[SourceDate "2008.01.10"]
[SourceVersion "1"]
[SourceVersionDate "2008.01.10"]
[SourceQuality "1"]
[WhiteTeam "Pankow (W)"]
[BlackTeam "Leipzig Lindenau (W)"]
[WhiteTeamCountry "GER"]
[BlackTeamCountry "GER"]

1. d4 d5 2. c4 e5 3. dxe5 d4 4. Nf3 Nc6 5. g3 Bg4 6. Bg2 Qd7 7. 0-0 0-0-0 8. Qb3 f6 9. exf6 gxf6 10. Na3 Na5 11. Qb5 Qxb5 12. Nxb5 Bxf3 13. Bxf3 a6 14. Na3 Bxa3 15. bxa3 Nxc4 16. Bf4 Ne7 17. Rab1 Nd5 18. Rfc1 Ne5 19. Bg2 b5 20. Bd2 Nb6 21. Rc5 Rhe8 22. Bf4 Na4 23. Rc2 Nc3 24. Rbc1 Re7 25. Bxe5 1/2-1/2

[Event "BL 0506 (Women)"]
[Site "Germany"]
[Date "2006.04.08"]
[Round "10.2"]
[White "Goehler, Antje"]
[Black "Stockova, Zuzana"]
[Result "1-0"]
[WhiteElo "2154"]
[BlackElo "2383"]
[PlyCount "105"]
[EventDate "2005.10.29"]
[EventType "team-tourn"]
[EventRounds "11"]
[EventCountry "GER"]
[SourceTitle "EXT 2007"]
[Source "ChessBase"]
[SourceDate "2006.11.23"]
[SourceVersion "1"]
[SourceVersionDate "2006.11.23"]
[SourceQuality "1"]
[WhiteTeam "Pankow (W)"]
[BlackTeam "Dresden SC (W)"]
[WhiteTeamCountry "GER"]
[BlackTeamCountry "GER"]

1. d4 Nf6 2. c4 e6 3. Nf3 c5 4. d5 d6 5. Nc3 exd5 6. cxd5 g6 7. Bf4 Bg7 8. e4 0-0 9. Nd2 Re8 10. Be2 b6 11. 0-0 Ba6 12. Qa4 Bxe2 13. Nxe2 a6 14. Nc3 Nh5 15. Be3 Nd7 16. Qc2 Ne5 17. h3 Qc7 18. g4 Qc8 19. f3 Nf6 20. Ne2 h5 21. g5 Nh7 22. Kg2 f6 23. f4 Ng4 24. hxg4 Qxg4+ 25. Kf2 Qh4+ 26. Kg2 fxg5 27. Nf3 Qg4+ 28. Kf2 gxf4 29. Nxf4 Nf6 30. e5 dxe5 31. Rg1 Qd7 32. Ne6 Ng4+ 33. Rxg4 hxg4 34. Nfg5 Rf8+ 35. Kg3 Rf5 36. Qh2 Bf6 37. Rh1 e4 38. Bf4 Rxf4 39. Nxf4 Be5 40. Nge6 g5 41. Nxg5 Qf5 42. Nge6 Rd8 43. Qh5 Rf8 44. Qxf5 Rxf5 45. Kxg4 Rf7 46. b3 b5 47. Re1 Bd6 48. Rxe4 Rh7 49. Nh5 Rf7 50. Ng5 Rf2 51. Re6 Bf8 52. Rg6+ Kh8 53. Nf6 1-0

[Event "BL 0506 (Women)"]
[Site "Germany"]
[Date "2006.01.21"]
[Round "5.3"]
[White "Pfau, Beate"]
[Black "Goehler, Antje"]
[Result "1-0"]
[WhiteElo "2084"]
[BlackElo "2154"]
[PlyCount "121"]
[EventDate "2005.10.29"]
[EventType "team-tourn"]
[EventRounds "11"]
[EventCountry "GER"]
[SourceTitle "EXT 2007"]
[Source "ChessBase"]
[SourceDate "2006.11.23"]
[SourceVersion "1"]
[SourceVersionDate "2006.11.23"]
[SourceQuality "1"]
[WhiteTeam "Torgelow (W)"]
[BlackTeam "Pankow (W)"]
[WhiteTeamCountry "GER"]
[BlackTeamCountry "GER"]

1. c4 c5 2. Nf3 e6 3. g3 d5 4. Bg2 Nc6 5. 0-0 Nf6 6. b3 Be7 7. Na3 0-0 8. d3 d4 9. Nc2 e5 10. Rb1 Bf5 11. a3 a5 12. Bd2 Re8 13. b4 axb4 14. axb4 cxb4 15. Nxb4 Bc5 16. Nd5 e4 17. Nxf6+ Qxf6 18. dxe4 Bxe4 19. Rxb7 d3 20. exd3 Bxd3 21. Bg5 Qg6 22. Nh4 Qxg5 23. Qxd3 Ne5 24. Qc3 Rad8 25. Bd5 Qf6 26. Kg2 Re7 27. Rxe7 Bxe7 28. Nf3 Nxf3 29. Qxf3 Qxf3+ 30. Kxf3 Bc5 31. Rb1 Kf8 32. Rb7 Be7 33. Ke4 f6 34. h4 g6 35. g4 h6 36. f4 Rc8 37. h5 g5 38. fxg5 fxg5 39. Kf5 Rd8 40. Ra7 Rd6 41. Be6 Rd4 42. Ra8+ Kg7 43. Rg8+ Kh7 44. Rg6 Rf4+ 45. Ke5 Bf8 46. Kd5 Rf1 47. Bf5 Kh8 48. Ke6 Ra1 49. Kf7 Bg7 50. c5 Ra7+ 51. Ke8 Ra8+ 52. Kd7 Ra7+ 53. Kc8 Be5 54. Rxh6+ Kg8 55. c6 Rc7+ 56. Kd8 Bf4 57. Bd7 Ra7 58. Ke7 Kg7 59. Rg6+ Kh7 60. Kf7 Ra8 61. Rf6 1-0

[Event "BL 0405 (Women)"]
[Site "Germany"]
[Date "2005.02.20"]
[Round "7.4"]
[White "Gras, Delphine"]
[Black "Goehler, Antje"]
[Result "0-1"]
[WhiteElo "1885"]
[BlackElo "2158"]
[PlyCount "80"]
[EventDate "2004.11.06"]
[EventType "team-tourn"]
[EventRounds "11"]
[EventCountry "GER"]
[SourceTitle "EXT 2006"]
[Source "ChessBase"]
[SourceDate "2005.11.24"]
[SourceVersion "1"]
[SourceVersionDate "2005.11.24"]
[SourceQuality "1"]
[WhiteTeam "Mannheim (W)"]
[BlackTeam "Pankow (W)"]
[WhiteTeamCountry "GER"]
[BlackTeamCountry "GER"]

1. e4 c5 2. Nf3 d6 3. d4 cxd4 4. Nxd4 Nf6 5. Nc3 a6 6. Be2 e5 7. Nb3 Be7 8. 0-0 Be6 9. f4 Qc7 10. Kh1 Nbd7 11. Be3 b5 12. fxe5 dxe5 13. a4 b4 14. Nd5 Bxd5 15. exd5 0-0 16. a5 Rfc8 17. Rc1 Qd6 18. Bg4 Nxg4 19. Qxg4 Nf6 20. Qg3 Nxd5 21. Bc5 Rxc5 22. Nxc5 Qxc5 23. Qxe5 Ne3 24. Qxc5 Bxc5 25. Rfe1 f5 26. g3 Rd8 27. Re2 g5 28. h3 Kf7 29. c3 b3 30. c4 Rd3 31. Kh2 Kf6 32. Kh1 f4 33. gxf4 gxf4 34. Rf2 Kf5 35. Kh2 Ke4 36. Kh1 f3 37. Re1 Kf4 38. Rg1 h5 39. h4 Ng4 40. Rxf3+ Rxf3 0-1